000 00759nam a2200253Ia 4500
003 OSt
005 20220927110459.0
006 a|||||r|||| 00| 0
007 ta
008 220926b |||||||| |||| 00| 0 eng d
024 _a103511
037 _cReports
040 _aRTL
_cRTL
_beng
041 _2eng
_aeng
082 _a"z.212.N61t5, K0/GD"
110 _aKERALA (Govt. of-).. Planning (Department of-)
_9378702
245 0 _aThird five year plan
_b Draft outline
260 _aTrivandrum
_bGovt Press India
_c1966
490 _v1961-66
650 _aGenerglia
_9356436
700 _aKERALA (Govt. of-).. Planning (Department of-)
_9378703
942 _h"z.212.N61t5, K0/GD"
_cCC
999 _c696956
_d696956